China. (Record no. 14997)
[ view plain ]
| 000 -LEADER | |
|---|---|
| fixed length control field | 01262cam a22002177a 4500 |
| 020 ## - INTERNATIONAL STANDARD BOOK NUMBER | |
| ISBN | 9789264059566 (pbk.) |
| 020 ## - INTERNATIONAL STANDARD BOOK NUMBER | |
| ISBN | 9264059563 (pbk.) |
| 040 ## - CATALOGING SOURCE | |
| Transcribing agency | COD |
| 082 ## - DEWEY DECIMAL CLASSIFICATION NUMBER | |
| Classification number | 330 OEC 2009 A072 Or. |
| 245 00 - TITLE STATEMENT | |
| Title | China. |
| 246 34 - VARYING FORM OF TITLE | |
| Title proper/short title | OECD rural policy reviews : |
| 260 ## - PUBLICATION, DISTRIBUTION, ETC. (IMPRINT) | |
| Place of publication | [Paris] : |
| Name of publisher | OECD, |
| Year of publication | c2009. |
| 300 ## - PHYSICAL DESCRIPTION | |
| Number of Pages | 257 p. : |
| Other physical details | ill. ; |
| Dimensions | 23 cm. |
| 490 1# - SERIES STATEMENT | |
| Series statement | OECD rural policy reviews |
| 520 ## - SUMMARY, ETC. | |
| Summary, etc | With more than 700 million residents living in rural areas, China is still a predominantly rural country. But despite substantial improvements in standards of living, the Chinese countryside is largely lagging behind. This report analyzes the key socio-economic forces at work in China's rural areas and discusses the current government strategy for rural development. It argues that in order to bridge rural-urban divides the current policy approach needs to go further in recognizing rural-urban complementarities beyond agriculture and that food-security targets need to be balanced with wider rural development objectives.--Publisher's description. |
| 650 #0 - SUBJECT ADDED ENTRY--TOPICAL TERM | |
| Topical Term | Rural development |
| 650 #0 - SUBJECT ADDED ENTRY--TOPICAL TERM | |
| Topical Term | Rural development |
| 710 2# - ADDED ENTRY--CORPORATE NAME | |
| Corporate name or jurisdiction name as entry element | Organisation for Economic Co-operation and Development. |
| 856 41 - ELECTRONIC LOCATION AND ACCESS | |
| Uniform Resource Identifier | http://dx.doi.org/10.1787/9789264059573-en |
| 942 ## - ADDED ENTRY ELEMENTS (KOHA) | |
| Koha item type | សៀវភៅភាសាអង់គ្លេស |
No items available.